000 00391nam a22001697a 4500
003 MPLRDC
005 20220104124225.0
008 210129b ||||| |||| 00| 0 eng d
082 _a539.8 SWR
100 _a苏威仁主编
245 _a笑点. 笑典
_c
260 _a
_b泉源出版社
_c1991
300 _b
490 _a笑语人生
650 _a笑话
942 _cBK
_o539.8 SWR
999 _c17615
_d17605